=LDR 00000nam 2200000 4500 =001 INLIS000000000055386 =005 20200415102629 =035 ##$$a 0010-0420000065 =007 ta =008 200415###########################0#ind## =020 ##$$a 978-602-6724-02-1 =082 ##$$a 899.221 3 =084 ##$$a 899.221 3 Viv k =245 1#$$a Kenangan terindah putih abu-abu /$c Vivie Hardika =250 ##$$a Cet 1 =300 ##$$a iv, 234 halaman : $b Ilustrasi ; $c 19 Cm. =650 #4$$a Fiksi Indonesia =700 #$$a Editor ; Reni S., Penyunting ; Zahra =264 ##$$a Jakarta :$b Cahaya fiksi,$c 2017 =336 ##$$a teks$2 rdacontent =337 ##$$a lain-lain$2 rdamedia =338 ##$$a lain-lain$2 rdacarrier =990 ##$$a 24782478 =990 ##$$a 24782478